Statystyki dla Skład Nottingham Forest w Premier League 2023/24

Kliknij tutaj aby rozwiązać quiz!

Ogólne statystyki

  • Ten quiz został rozwiązany 12 razy
  • Średni wynik to 11 z 36

Statystyki odpowiedzi

NumerZawodnik% Poprawnych
1Matt Turner
80%
10Morgan Gibbs-White
70%
21Anthony Elanga
50%
11Chris Wood
50%
23Odyseas Vlachodimos
50%
22Ryan Yates
50%
24Serge Aurier
50%
9Taiwo Awoniyi
50%
30Willy Boly
50%
28Danilo
40%
18Felipe
40%
6Ibrahim Sangare
40%
16Nicolas Dominguez
40%
43Ola Aina
40%
-Divock Origi
30%
29Gonzalo Montiel
30%
15Harry Toffolo
30%
4Joe Worrall
30%
19Moussa Niakhate
30%
7Neco Williams
30%
26Scott McKenna
30%
12Andrey Santos
20%
14Callum Hudson-Odoi
20%
38George Shelvey
20%
-Jonjo Shelvey
20%
40Murillo
20%
5Orel Mangala
20%
13Wayne Hennessey
20%
32Andrew Omobamidele
10%
41Brandon Aguilera
10%
8Cheikhou Kouyate
10%
25Emmanuel Dennis
10%
34Ethan Horvath
10%
2Giulian Biancone
10%
3Nuno Tavares
10%
17Alex Mighten
0%

Rozkład punktacji

Percentyl według liczby udzielonych odpowiedzi

Procent ludzi z każdym wynikiem

Twoja historia wyników

Nie rozwiązałeś tego quizu